00780nam a22002297a 4500999001500000001000500015003000900020005001700029008004100046020001500087040003800102082002000140100002200160245005800182260005400240300004000294504002900334600003300363650002400396942001200420952011800432 c3260d32601464BD-DhUAP20200303114939.0200303r19931992enka|||| b||| 00| 0 eng d a0714827452 aBD-DhUAPbEngcBD-DhUAPdBD-DhUAP 223a720.973 BRA aBrawne, Michael.  aKimbell Art Museum :bLouis I Kahn /cMichael Brawne. aLondon :bPhaidon Press, cc199 [Reprinted 1993]. a60 pages :billustrations ;c29 cm. aIncludes bibliographies. aKahn, Louis I., d1901-1974. aKimbell Art Museum. 2ddccBK 00102ddc4070aUAPCLbUAPCLcGeneral Stacksd2020-03-03o720.973 BRAp3010001464r2020-03-03t1w2020-03-03yBK